Neue Verwaltungsstrukturen in der Gemeinde - Auswirkungen auf das Archiv

Titel: Neue Verwaltungsstrukturen in der Gemeinde - Auswirkungen auf das Archiv
Verfasser:
In: ˜Dieœ Archive am Beginn des 3. Jahrtausends - Archivarbeit zwischen Rationalisierungsdruck und Serviceerwartungen, (2002), Seite 177-181
alle Artikel anzeigen
Veröffentlicht: 2002
Format: Aufsatz
Kein Bild verfügbar
X
alg: 44189197
001A    $03036:30-01-19 
001B    $01999:31-01-19 $t19:05:44.000 
001D    $03036:30-01-19 
001U    $0utf8 
001X    $00 
002@    $0Aox    
003@    $0441891977 
007A    $0441891977 $aHEB 
007T    $0ArchMa05095 
011@    $a2002 
021A    $aNeue Verwaltungsstrukturen in der Gemeinde - Auswirkungen auf das Archiv 
028A    $aRuppel $dHans-Georg 
031A    $h177-181 $j2002 
039B    $aIn $8--Aau--. Die @Archive am Beginn des 3. Jahrtausends - Archivarbeit zwischen Rationalisierungsdruck und Serviceerwartungen. - Siegburg : Schmitt, 2002. - 443 Seiten. - Illustrationen, Diagramme. - ISBN 3-87710-241-7 $x200200000000000823 $9104698888 

lok: 44189197 105

exp: 44189197 105 1 #EPN
201B/01 $030-01-19 $t13:09:23.000 
201C/01 $030-01-19 
201U/01 $0utf8 
203@/01 $01042244413 
208@/01 $a13-12-18 $be 
209A/01 $a/ $f106 $x00 
244Z/01 $aOffenbach $x01 
245Z/01 $a3.10.02. $bArchivwesen des Bundes- und der deutschen Bundesländer / Hessen / Archive und Archivbestände $x01 
247C/01 $8->Marburg, Bibliographie zum Archivwesen der Archivschule Marburg $939588196X
LEADER 00000caa a22000002c 4500
001 441891977
003 DE-603
005 20190131190544.0
007 tu
008 190130s2002 xx |||| | u00||u|und c
035 |a (DE-599)HEB441891977 
040 |a DE-603  |b ger  |c DE-603  |d DE-603 
100 1 |a Ruppel, Hans-Georg 
245 0 0 |a Neue Verwaltungsstrukturen in der Gemeinde - Auswirkungen auf das Archiv 
264 0 |c 2002 
773 0 8 |i In  |t ˜Dieœ Archive am Beginn des 3. Jahrtausends - Archivarbeit zwischen Rationalisierungsdruck und Serviceerwartungen  |d Siegburg : Schmitt, 2002  |h 443 Seiten, Illustrationen, Diagramme  |z 3877102417  |g (2002), Seite 177-181  |w (DE-603)104698888 
924 0 |9 -  |a (DE-603)1042244413  |b DE-  |c HES  |d d  |g /